Responses for Show #3536 - Monday, January 10, 2000

Audio problems with some of the contestants' responses.

Contestants

[<< previous game]

Moira Byrnes, a director originally from Rockport, New York

Jerry Crowley, a law student from Tallahassee, Florida

Justin T. Bradford, Jr., an educator from Canyon Country, California (whose 1-day cash winnings total $3,001)

[next game >>]

Jeopardy! Round responses

LIFE
TOTAL
SPECIAL "K"
LUCKY CHARMS
FRUIT LOOPS
CZECHS
(Alex: There's a theme there!)
    $100 1
lungs

Justin
    $100 6
(Justin: What is 6 ounces?)
(Moira: What is -----?)

2 (even parts)

JustinMoira
Triple Stumper
    $100 11
kryptonite

Justin
    $100 15
wishbone

Justin
    $100 19
Massachusetts

Moira
    $100 27
Milos

Moira
    $200 2
possum

Justin
    $200 7
6

Moira
    $200 12
kaleidoscope

Justin
    $200 17
a pin

Justin
    $200 22
Washington

Justin
    $200 28
Slovakia

Moira
    $300 3
DNA

Justin
    $300 8
220

Justin
    $300 13
kimono

Moira
    $300 18
4-leaf clover

Jerry
    $300 23
Hawaii

Jerry
    $300 29
(Justin: What is ----?)

NATO

JustinJerry
    $400 4
hydra

Justin
    $700 9
(Justin: What is 45?)

100 (33 1/3 X 3)

Justin
    $400 14
Killarney

Moira
    $400 20
(Justin: What is ----?)

albatrosses

JustinJerry
    $400 24
Florida

Jerry
    $400 30
Holy Roman Emperor

Justin
    $500 5
platelets

Justin
    $500 10
(Justin: What is 1000?)
(Jerry: What is ----?)
(Moira: What is 100?)

1

JustinJerryMoira
Triple Stumper
    $500 16
(Jerry: What is -----?)
(Moira: What is ----?)

The Kaaba

JerryMoira
Triple Stumper
    $500 21
(Moira: What is a -----?)

sixpence

Moira
Triple Stumper
    $500 25
Michigan

Jerry
    $500 26
(Moira: Who is -----?)

Milan Kundera

Moira
Triple Stumper

Scores at the first commercial break (after clue 14):

Justin Jerry Moira
$800 -$500 $300

Scores at the end of the Jeopardy! Round:

Justin Jerry Moira
$1,000 $1,200 -$800

Double Jeopardy! Round responses

NATIVE AMERICAN LIT
ILLINOISE
DICTATORS
SOCIAL SCIENTIST'S DICTIONARY
SUBATOMIC PARTICLES
WHAT'S IN A DOG'S NAME?
    $200 6
The Lone Ranger

Justin
    $200 11
(Moira: What is Hate Street?)

State Street

Moira
Triple Stumper
    $200 16
Oliver Cromwell

Moira
    $200 21
(Alex: Minute to go.)

castes

Justin
    $200 26
(Justin: What are protons?)

electrons

JustinJerry
    $200 1
Germany

Moira
    $400 7
Custer

Justin
    $400 12
Smashing Pumpkins

Justin
    $400 17
(Moira: Who was Noriega?)

Anastasio Somoza

Moira
Triple Stumper
    $400 22
pygmies

Justin
    $400 27
[The end-of-round signal sounds.]

quarks

Justin
    $400 2
spaniel

Moira
    $600 8
Martin Cruz Smith

Jerry
    $600 13
Howlin' Wolf

Moira
    $600 18
Kim Il-Sung

Justin
    $600 23
matriarch

Jerry
    $600 3
basenji

Triple Stumper
    $800 9
Dan George

Jerry
    $1,000 14
(Alex: Any name?)
(Moira: Can't think of anyone.)

Burl Ives

Moira
    $800 19
Antonio Salazar

Triple Stumper
    $800 24
rites of passage

Jerry
    $1,000 4
(Moira: What is ----?)

earth (terra)

Moira
    $1000 10
Black Elk

Triple Stumper
    $1000 15
Miles Davis

Jerry
    $1000 20
Jean-Bedel Bokassa

Triple Stumper
    $1000 25
(Moira: What is a census?)

demography

Moira
Triple Stumper
    $1000 5
saluki

Triple Stumper

Scores at the end of the Double Jeopardy! Round:

Justin Jerry Moira
$3,400 $5,200 -$3,000

[wagering suggestions for these scores]

Final Jeopardy! Round responses

MEDICAL HISTORY
JustinWhat is Penicillin?
$3,399
JerryWhat is penicillin
$5,200
penicillin

Final scores:

Justin Jerry Moira
$6,799 $10,400 -$3,000
2nd place: Trip to Spa Atlantis in Pompano Beach, Florida New champion: $10,400 3rd place: Meade ETX 90 telescope

Game dynamics:

Coryat scores:

Justin Jerry Moira
$4,100 $5,200 -$1,000
19 R,
6 W
(including 1 DD)
12 R,
2 W
10 R,
10 W
(including 2 DDs)

Combined Coryat: $8,300

[game clues] [game scores] [suggest correction]

Game tape date: 1999-11-09
The J! Archive is created by fans, for fans. Scraping, republication, monetization, and malicious use prohibited; this site may use cookies and collect identifying information. See terms. The Jeopardy! game show and all elements thereof, including but not limited to copyright and trademark thereto, are the property of Jeopardy Productions, Inc. and are protected under law. This website is not affiliated with, sponsored by, or operated by Jeopardy Productions, Inc. Join the discussion at JBoard.tv.